Statistics for Who Did That 1970s Song #1

Click here to take the quiz!

General Stats

  • This quiz has been taken 48,340 times
    (34,256 since last reset)
  • The average score is 15 of 24

Answer Stats

Year Song Musical Act % Correct
1975Bohemian RhapsodyQueen
96%
1971ImagineJohn Lennon
93%
1976Hotel CaliforniaEagles
92%
1976Dancing QueenABBA
91%
1977Stayin' AliveBee Gees
89%
1971Stairway to HeavenLed Zeppelin
81%
1978Y.M.C.AVillage People
80%
1974No Woman, No CryBob Marley
76%
1971American PieDon McLean
68%
1972SuperstitionStevie Wonder
68%
1979Heart of GlassBlondie
64%
1979Comfortably NumbPink Floyd
63%
1976Anarchy in the U.K.Sex Pistols
63%
1974Free BirdLynyrd Skynyrd
62%
1971Iron ManBlack Sabbath
55%
1978Beast of BurdenThe Rolling Stones
54%
1976Carry On Wayward SonKansas
53%
1972Rocky Mountain HighJohn Denver
51%
1971Behind Blue EyesThe Who
47%
1972Heart of GoldNeil Young
47%
1978I Wanna Be SedatedRamones
43%
1977Psycho KillerTalking Heads
36%
1979Rapper's DelightThe Sugarhill Gang
29%
1977AlisonElvis Costello
26%

Score Distribution

Percentile by Number Answered

Percent of People with Each Score

Your Score History

You have not taken this quiz since the last reset